| 000 | 00470nam a2200181Ia 4500 | ||
|---|---|---|---|
| 001 | 13465 | ||
| 005 | 20260306164803.0 | ||
| 008 | 260306t2000||||xx |||||||||||||| ||spa|| | ||
| 041 | _aESP | ||
| 082 |
_a004.22 _bG23 |
||
| 100 |
_aGarcía Clemente, María Isabel (coord.) _eAUT |
||
| 245 | 0 |
_aEstructura de computadores: _bproblemas y soluciones |
|
| 260 | _c2000 | ||
| 300 |
_a309 páginas : _c23 cm. |
||
| 650 | _aGEN | ||
| 654 | _aCCC | ||
| 942 |
_cLIB _dJUS _fJUS _2ddc _n |
||
| 999 |
_c13465 _d13465 |
||